Kto rzucił tym cytatem? #2 - Statystyki

Ogólne statystyki
  • Ten quiz został rozwiązany 19 razy
  • Średni wynik to 6 z 8
Statystyki odpowiedzi
Zagadnienie Odpowiedź % Poprawnych
"Jedna śmierć to tragedia, milion to statystyka." Józef Stalin
88%
"Trzeba dużo odwagi, żeby być tchórzem w Armii Czerwonej." Józef Stalin
88%
"Jestem najpotężniejszym człowiekiem na świecie, rządzę największym imperium w dziejach, kochają mnie miliony i nie mam z kim wypić filiżanki herbaty" Józef Stalin
81%
"Dokonałem zwrotu o 360 stopni." Lech Wałęsa
81%
"Nieważne, kto głosuje, ważne, kto liczy głosy." Józef Stalin
69%
"Jeżeli dyplomata chce za wszelką cenę utrzymać pakt pokojowy to znaczy, że przy granicach już czekają gotowe dywizje krążowników i czołgów" Józef Stalin
63%
"Żeby wygrać bitwę, potrzeba setek tysięcy żołnierzy, ale żeby zwycięstwo poszło na marne, wystarczy kilku szpiegów." Józef Stalin
56%
"Nie wierzę nikomu. Nie wierzę nawet sobie samemu." Józef Stalin
38%
Nie znaleziono quizów pasujących do podanych kryteriów
Rozkład punktacji
Procent ludzi z każdym wynikiem
Percentyl według liczby udzielonych odpowiedzi
Twoja historia wyników
Nie rozwiązałeś tego quizu